01347nam a2200325 i 4500001001000000003000900010005001700019007000300036008004100039020001800080040003000098041000800128082002500136100002900161245017100190250002300361264004800384300005600432336002800488337003300516338002900549490004900578500011600627500007400743500002200817504003200839600004700871651005800918651004500976000037604DO-SdBNP20260321073642.0ta121001s2010 dr ac 000 0 spa d a9789945874907 aDO-SdBNPbspacBNPHUerda aspa 4a972.93054bF745d2221 aFortunato, Renéeautor13aLa democracia revolucionaria :bimágenes y documentos del gobierno constitucional de la República Dominicana de 1963 presidido por Juan Bosch /cRené Fortunato. aPrimera edición  4aSanto Domingo : bVideocine Palau,c©2010. a327 páginas :bilustraciones, retratos ; c32 cm. 2rdacontent atextobtxt 2rdamediaasin mediaciónbn 2rdacarrier avolumenbnc0 aDocumentos de historia contemporánea ;v11 aIncluye además el libreto original del largometraje documental ¨Bosch: Presidente en la frontera imperial¨ aIncluye referencias bibliográficas y notas al pie de las páginas  aIncluye índice  aBibliografía : p. 309-31210a Bosch, Juan, d1909-2001xVida política 4aRepública DominicanaxPolítica y gobierto y1961- 4aRepública DominicanaxHistoria y1961-